[Event "Teusaquillo Rapid op"]
[Site "Teusaquillo"]
[Date "2023.03.05"]
[Round "5"]
[White "Dominguez Rincon, Miller Duvan"]
[Black "Gutierrez Pinzon, Cristian Gustavo"]
[Result "1/2-1/2"]
[WhiteElo "2030"]
[BlackElo "1866"]
[PlyCount "173"]
[EventDate "2023.03.04"]
[EventType "swiss (rapid)"]
[EventRounds "9"]
[EventCountry "COL"]
[SourceTitle "CBM 213 Extra"]
[Source "ChessBase"]
[SourceDate "2023.05.31"]
[SourceVersion "1"]
[SourceVersionDate "2023.05.31"]
[SourceQuality "1"]

1. e4 c6 2. d4 d5 3. Nc3 dxe4 4. Nxe4 Nd7 5. Ng5 Ngf6 6. Bd3 e6 7. N1f3 Be7 8. Qe2 Nb6 9. Bd2 0-0 10. 0-0-0 Nbd5 11. Ne5 a5 12. Ne4 Nxe4 13. Qxe4 f5 14. Qe2 Bg5 15. Kb1 Bxd2 16. Qxd2 Nb4 17. Be2 Qd5 18. Bc4 Qd6 19. a3 b5 20. Be2 Nd5 21. g4 a4 22. gxf5 exf5 23. Rhg1 b4 24. Qg5 Ra7 25. Rg3 bxa3 26. Rxa3 Be6 27. Bc4 Rb8 28. Ka1 Nb4 29. Qd2 Rab7 30. Rb1 Nd5 31. Ba2 Nb4 32. Bxe6+ Qxe6 33. Qc3 Nd5 34. Qxc6 Qxc6 35. Nxc6 Rc8 36. c4 Rxc6 37. cxd5 Rd6 38. Rxa4 Rxd5 39. Rc1 Rdb5 40. Rc2 Kf7 41. Rac4 Ke6 42. Rc5 Rb4 43. Re5+ Kf6 44. Rc6+ Kg5 45. Rc2 Rxd4 46. Ra5 Rbd7 47. Ka2 Rd2 48. Rac5 Ra7+ 49. Kb1 Rd1+ 50. Rc1 Rxc1+ 51. Kxc1 Kf4 52. b4 g5 53. b5 h5 54. b6 Rb7 55. Rb5 Ke4 56. Kd2 h4 57. Ke2 g4 58. Rb4+ Ke5 59. Ke3 f4+ 60. Rxf4 Rxb6 61. Rxg4 Rb3+ 62. Ke2 Rh3 63. Rg2 Kf4 64. Kf1 Kf3 65. Kg1 Kf4 66. Rg8 Ra3 67. Rd8 h3 68. Rd1 Kf3 69. Rb1 Rd3 70. Ra1 Rc3 71. Kf1 Rb3 72. Ke1 Kg2 73. f4 Kxh2 74. Kf2 Rb4 75. Kf3 Rb3+ 76. Kf2 Rb4 77. Kf3 Rb3+ 78. Kg4 Rg3+ 79. Kh4 Rf3 80. Kg4 Rf2 81. f5 Kg2 82. Kg5 h2 83. f6 Rf1 84. Ra2+ Kg1 85. Rxh2 Kxh2 86. Kg6 Rxf6+ 87. Kxf6 1/2-1/2

[Event "Cali Valle Colombia op-B"]
[Site "Cali Valle Colombia"]
[Date "2022.12.28"]
[Round "5"]
[White "Arrieta Hernandez, Cristian"]
[Black "Dominguez Rincon, Miller Duvan"]
[Result "1-0"]
[WhiteElo "2082"]
[BlackElo "1991"]
[PlyCount "69"]
[EventDate "2022.12.26"]
[EventType "swiss"]
[EventRounds "8"]
[EventCountry "COL"]
[SourceTitle "CBM 211 Extra"]
[Source "ChessBase"]
[SourceDate "2023.01.31"]
[SourceVersion "1"]
[SourceVersionDate "2023.01.31"]
[SourceQuality "1"]

1. Nf3 d5 2. c4 e6 3. a3 Nf6 4. d4 Be7 5. Nc3 0-0 6. Qc2 b6 7. cxd5 exd5 8. Bf4 c6 9. e3 Bb7 10. Bd3 Nbd7 11. g4 c5 12. g5 Ne4 13. Nxe4 dxe4 14. Bxe4 Bxe4 15. Qxe4 cxd4 16. Qxd4 Qc8 17. Ke2 Nc5 18. Qc4 Qf5 19. Rhd1 Ne6 20. Rd5 Qg4 21. Rg1 Rac8 22. Qe4 Nxf4+ 23. exf4 Qh5 24. g6 f5 25. gxh7+ Kh8 26. Qxe7 Rfe8 27. Rxg7 Rxe7+ 28. Rxe7 Qg4 29. Ke3 Qh3 30. Rd1 a6 31. Rg1 Rd8 32. Ke2 Qh5 33. Rg5 Qh6 34. Ne5 Qf6 35. Ng6+ 1-0